Web rozhranie pre tvorbu animovaných modelov mechanických systémov

Saved in:
Bibliographic Details
Main Author: Matišák, Jakub (Author)
Other Authors: Žáková, Katarína (Thesis advisor)
Format: Manuscript Book
Language:Slovak
Published: 2016
Subjects:
Online Access:http://is.stuba.sk/zp/portal_zp.pl?podrobnosti=110977
Tags: Add Tag
No Tags, Be the first to tag this record!

MARC

LEADER 00000ntm a22000003a 4500
001 stuzp55060
003 SK-STU
005 20160906105748.2
007 ta
008 150427s2015----xo-----f-mn---000-0-slo-d
040 |a STU  |b slo 
041 0 |a slo 
044 |a xo 
100 1 |a Matišák, Jakub  |u 035000  |4 aut  |U FEI Fakulta elektrotechniky a informatiky  |T FEI Ústav informatiky a matematiky  |X 64208  |U E050  |Y 816  |7 64208 
242 0 1 |a Web interface for creating animated models of mechanical systems  |y eng 
245 1 0 |a Web rozhranie pre tvorbu animovaných modelov mechanických systémov 
260 |c 2016 
300 |a 41 s.,  |b CD-ROM 
650 4 |a model  |2 eng 
650 4 |a interface  |2 eng 
650 4 |a animation  |2 eng 
650 4 |a mechanical system  |2 eng 
650 4 |a model  |2 slo 
650 4 |a mechanický systém  |2 slo 
650 4 |a animácia  |2 slo 
650 4 |a rozhranie  |2 slo 
700 1 |a Žáková, Katarína  |u 030400  |k Z1  |4 ths  |U FEI Fakulta elektrotechniky a informatiky  |T FEI Ústav automobilovej mechatroniky  |X 4948  |U E400  |Y 642  |7 A000004948 
856 4 |u http://is.stuba.sk/zp/portal_zp.pl?podrobnosti=110977 
996 |b 284ER02285  |c E*Bc- 2285  |l EE35  |s P  |a 0  |w stuzp55060_0001 
SQL |a stuzp55060  |b DBP  |c SLO  |d Web rozhranie pre tvorbu animovaných modelov mechanických systémov  |e 64208  |f Matišák, Jakub  |g 035000  |h 4948  |i Žáková, Katarína  |j 20160707  |k 73  |l 03  |m http://is.stuba.sk/zp/portal_zp.pl?podrobnosti=110977  |n B-API  |o 9.2.9. aplikovaná informatika